000 00567nam a2200193Ia 4500
005 20250423100022.0
008 250422s9999 xx 000 0 und d
020 _a9781451143201
050 _aRM 301.14 .P43/
100 _aClark, M.A...[et al]
245 0 _aLippincott’s illustrated reviews: pharmacology
250 _a5th ed.
260 _aPhiladelphia, PA
260 _bLippincott Williams and Wolters
260 _c2012
300 _a612 p
650 _a Pharmacology--Outlines, syllabi, etc. Pharmacology--Examinations, questions, etc.
942 _cBK
999 _c32040
_d32040